All foreign players Ajax - Statistics

General Stats
  • This quiz has been taken 87 times
    79 since last reset
  • The average score is 61 of 222
Answer Stats
Hint Answer % Correct
Zlatan Ibrahimović
88%
André Onana
87%
Hakim Ziyech
83%
Toby Alderweireld
83%
David Neres
81%
Edson Álvarez
81%
Jan Vertonghen
81%
Jari Litmanen
81%
Luis Suárez
81%
Dušan Tadić
79%
Antony
77%
Noussair Mazraoui
75%
Christian Eriksen
71%
Kasper Dolberg
71%
Lasse Schöne
71%
Davinson Sánchez
69%
Nico Tagliafico
69%
Bertrand Traoré
67%
Jorge Sánchez
67%
Lassina Traoré
67%
Lisandro Martínez
63%
Chuba Akpom
58%
Josip Šutalo
58%
Arkadiusz Milik
54%
Borna Sosa
54%
Mohammed Kudus
52%
Christopher Kanu
50%
Nwankwo Kanu
50%
Brian Laudrup
48%
Finidi George
48%
Georges Mikautadze
48%
Maxwell
48%
Michael Laudrup
48%
Sergiño Dest
48%
Christian Chivu
46%
Sébastien Haller
46%
Shota Arveladze
44%
Thomas Vermaelen
44%
Angelos Charisteas
42%
Benjamin Tahirović
42%
Gabri
42%
Steven Pienaar
42%
Ahmetcan Kaplan
40%
Gerónimo Rulli
40%
Heiko Westermann
40%
Mido
40%
Sivert Mannsverk
40%
Tomáš Galásek
40%
Anton Gaaei
38%
Bojan
38%
Christian Poulsen
38%
Hatem Trabelsi
38%
Kristian Hlynsson
38%
Lorenzo Lucca
38%
Maximilian Wöber
38%
Thulani Serero
38%
Dani
37%
Diant Ramaj
37%
Dmitriy Bulykin
37%
Forbs
37%
Francisco Conceição
37%
Kolbeinn Sigþórsson
37%
Mika Godts
37%
Niklas Moisander
37%
Issam El Maach
35%
Miralem Sulejmani
35%
Vurnon Anita
35%
Amin Younes
33%
Jakov Medić
33%
Lucas Andersen
33%
Nicolás Lodeiro
33%
Oleguer
33%
Pál Fischer
33%
Petri Pasanen
33%
Tijjani Babangida
33%
Vaclav Černý
33%
Viktor Fischer
33%
Zdeněk Grygera
33%
Hyun-Jun Suk
31%
Marko Pantelić
31%
Nicolai Boilesen
31%
Nikos Machlas
31%
Sunday Oliseh
31%
Bogdan Lobonţ
29%
Calvin Bassey
29%
Gaston Ávila
29%
Mateo Cassierra
29%
Yannis Anastasiou
29%
Bruno Silva
27%
Eyong Enoh
27%
Giorgi Kinkladze
27%
Julien Escudé
27%
Mauro Rosales
27%
Tom De Mul
27%
Aras Özbiliz
25%
George Ogăraru
25%
Jesper Olsen
25%
Joey Didulica
25%
John O'Brien
25%
Rasmus Kristensen
25%
Stefan Pettersson
25%
Tobias Sana
25%
Wamberto
25%
Wesley Sonck
25%
Abubakari Yakubu
23%
Ismaïl Aissati
23%
Mounir El Hamdaoui
23%
Nicolae Mitea
23%
Rasmus Lindgren
23%
André Bergdolmo
21%
Florian Grillitsch
21%
Isaac Cuenca
21%
Javier Martina
21%
Kostas Lamprou
21%
Markus Rosenberg
21%
Răzvan Marin
21%
Danilo
19%
Darío Cvitanich
19%
Edgar Manucharyan
19%
Filipe Luís
19%
Hans Vonk
19%
Hassane Bandé
19%
Jason Čulina
19%
Jesper Grønkjaer
19%
Luis Orejuela
19%
Michael Krohn-Dehli
19%
Nemanja Gudelj
19%
Zakaria Labyad
19%
Dennis Rommedahl
17%
Jody Lukoki
17%
Kenneth Pérez
17%
Leonardo
17%
Lisandro Magallán
17%
Mariano Juan
17%
Peter Larsson
17%
Sean Klaiber
17%
Søren Lerby
17%
Thimothée Atouba
17%
Urzáiz
17%
Anthony Obodai
15%
Benni McCarthy
15%
Daniel Cruz
15%
Dennis Johnsen
15%
Frank Arnesen
15%
Iván Gabrich
15%
Luque
15%
Pius Ikedia
15%
Przemysław Tytoń
15%
Roger
15%
Samuel Kuffour
15%
Stanislav Lobotka
15%
Teemu Tainio
15%
Aaron Mokoena
13%
Bruno Varela
13%
Froylán Ledezma
13%
Horst Blankenburg
13%
Jelle Van Damme
13%
Márcio Santos
13%
Nourdin Boukhari
13%
Stanley Aborah
13%
Tom Soetaers
13%
Yaya Sanogo
13%
Christian Rasmussen
12%
Henning Jensen
12%
Inge Danielsson
12%
Johnny Hansen
12%
Lucas Ocampos
12%
Mohamed Daramy
12%
Naci Ünüvar
12%
Stefano Denswil
12%
Velibor Vasović
12%
Victor Jensen
12%
Walker
12%
Felix Gasselich
10%
Florian Jozefzoon
10%
Kerlon
10%
Laurent Delorge
10%
Ray Clarke
10%
Robert Murić
10%
Andriy Demchenko
8%
Brutil Hosé
8%
Charlie Setford
8%
Danny Muller
8%
Dan Petersen
8%
Darko Bodul
8%
Dominik Kotarski
8%
Jan Sørensen
8%
Juanfran
8%
Kennedy Bakırcıoğlu
8%
Kofi Mensah
8%
Kwame Quansah
8%
Mike Petersen
8%
Niki Zimling
8%
Ole Tobiasen
8%
Richairo Živković
8%
Roly Bonevacia
8%
Ally Dick
6%
Andrzej Rudy
6%
Bozo Broketa
6%
Damil Dankerlui
6%
Donovan Slijngard
6%
Emmanuel Boakye
6%
Fabian Sporkslede
6%
Frank Stapleton
6%
Henri Toivomäki
6%
Mitchell Donald
6%
Oussama Idrissi
6%
Werner Schaaphok
6%
Zoltán Varga
6%
Arno Steffenhagen
4%
Heinz Schilcher
4%
Heyden Foxe
4%
Jan Mølby
4%
Joško Gluić
4%
Måns Sörensson
4%
Mustafa Yücedağ
4%
Peter Lübeke
4%
Petri Tiainen
4%
Sten Ziegler
4%
Tom Søndergaard
4%
Walter Meeuws
4%
Ouasim Bouy
2%
No matching quizzes found
Score Distribution
Percent of People with Each Score
Percentile by Number Answered
Your Score History
You have not taken this quiz since the last reset